000 01088nam a2200313 4500
003 OSt
005 20260601193855.0
008 260504b2006 bl a|||| |||| 00| 0 por d
020 _a8521203772
040 _aICI
_bspa
_cICI
041 _apor
050 _aNK1390
_bM67 2006
100 1 _aMoraes, Dijon de,
_eautor
_932892
245 1 _aAnálise do design brasileiro :
_bentre mimese e mestiçagem /
_cDijon De Moraes ; prefácio de Andrea Branzi
264 _aSão Paulo :
_bEditora Edgard Bllücher,
_c2006
300 _a290 páginas :
_bilustraciones
336 _atexto
_2rdacontent
337 _asin medio
_2rdamedia
338 _avolumen
_2rdacarrier
500 _aIncluye prefacio de Andrea Branzi
650 _aDiseño industrial
_zBrasil
650 _aDiseño industrial
_xHistoria
_zBrasil
_932894
650 _aDiseño
_xAspectos culturales
_zBrasil
_932895
650 _aIdentidad cultural
_zBrasil
_932896
650 _aEstética industrial
_zBrasil
_932897
655 _2local
_aEstudios críticos
_932898
700 1 _aBranzi, Andrea,
_eprefacio
_932899
942 _2lcc
_cB
_n1
999 _c22011
_d22011